000 01715nam a2200301 a 4500
001 000015653
005 20251120073732.0
008 100217s2001 dr r 000 0 spa d
020 _a9993483230
040 _aDO-SdBNP
_bspa
_cBNPHU
082 _a307.14097293
_bC118e
100 1 _aCáceres Mendoza, Frank
_935299
245 1 0 _aExperiencias de desarrollo local y descentralización :
_banálisis y registro de 52 experiencias nacionales /
_cFrank Cáceres Mendoza, Josefina Nerio ; edición Desirée Marmolejos, Eva Mir y Frank Cáceres.
260 _aSanto Domingo :
_bPUCMM ;
_bCentro Universitario de Estudios Políticos y Sociales,
_c2001.
300 _a266 p. ;
_c28 cm.
490 1 _aCiudadanía y políticas públicas
505 0 _t¿Hacia una gestión municipal con participación comunitaria? --
_tResúmen indicativo de experiencias de desarrollo local y descentralización --
_tIniciativas de desarrollo local y descentralización --
_tRegistro de 52 experiencias --
_tParticipación en la gestión municipal --
_tManejo de desechos sólidos --
_tEducación --
_tAgua potable --
_tSalud --
_tFortalecimiento organizativo --
_tElectrificación.
590 _aInventariado,2018/DG
650 4 _aDesarrollo de la comunidad
_zRepública Dominicana
_92533
650 4 _aDescentralización administrativa
_zRepública Dominicana
_93012
650 4 _aParticipación política
_zRepública Dominicana
_914012
700 1 2 _aCáceres Mendosa, Frank
_935300
700 1 2 _aNerio, Josefina
_935301
700 1 2 _aMarmolejos, Desirée,
_eed.
_92672
710 2 2 _aPontificia Universidad Católica Madre y Maestra
_9843
830 0 _aCiudadanía y políticas públicas
_919938
910 _aValidado. Control de calidad. MFF
999 _c15205
_d15205